| 000 -LEADER |
| fixed length control field |
01003pab a2200169 454500 |
| 008 - FIXED-LENGTH DATA ELEMENTS--GENERAL INFORMATION |
| fixed length control field |
180718b2002 xxu||||| |||| 00| 0 eng d |
| 100 ## - MAIN ENTRY--PERSONAL NAME |
| Personal name |
Bhavani, T.A. |
| 245 ## - TITLE STATEMENT |
| Title |
Small-scale units in the era of globalisation: problems and prospects |
| 260 ## - PUBLICATION, DISTRIBUTION, ETC. |
| Date of publication, distribution, etc. |
2002 |
| 300 ## - PHYSICAL DESCRIPTION |
| Extent |
p.3041-052. |
| 362 ## - DATES OF PUBLICATION AND/OR SEQUENTIAL DESIGNATION |
| Dates of publication and/or sequential designation |
20 Jul |
| 520 ## - SUMMARY, ETC. |
| Summary, etc. |
This paper focuses on the ongoing changes in the business environment and the analysis of their implications for small-scale units. Specifically, it looks at possible ways of improving the competitive strength and commercial viability of small-scale units in the changing context. For this, substantial improvements will be needed in technology, such as mechanisation, organisation and information and the revamping of policy measures to encourage the growth of small units through collective efforts, ending their isolated mode of operation. - Reproduced. |
| 650 ## - SUBJECT ADDED ENTRY--TOPICAL TERM |
| Topical term or geographic name entry element |
Globalization |
| 650 ## - SUBJECT ADDED ENTRY--TOPICAL TERM |
| Topical term or geographic name entry element |
Small scale industry |
| 773 ## - HOST ITEM ENTRY |
| Main entry heading |
Economic and Political Weekly |
| 909 ## - |
| -- |
53165 |